<?xml version="1.0" encoding="UTF-8"?>
<record
    xmlns:xsi="http://www.w3.org/2001/XMLSchema-instance"
    xsi:schemaLocation="http://www.loc.gov/MARC21/slim http://www.loc.gov/standards/marcxml/schema/MARC21slim.xsd"
    xmlns="http://www.loc.gov/MARC21/slim">

  <leader>04743nam a2200313   4500</leader>
  <controlfield tag="003">NALT</controlfield>
  <controlfield tag="005">20251006125825.0</controlfield>
  <controlfield tag="008">250911b        th ||||| |||| 00| 0 tha d</controlfield>
  <datafield tag="020" ind1=" " ind2=" ">
    <subfield code="a">9786169335207</subfield>
  </datafield>
  <datafield tag="040" ind1=" " ind2=" ">
    <subfield code="a">NALT</subfield>
  </datafield>
  <datafield tag="050" ind1=" " ind2=" ">
    <subfield code="a">BF 637.P36</subfield>
    <subfield code="b">&#xE17;665&#xE2B; 2562</subfield>
  </datafield>
  <datafield tag="100" ind1="0" ind2=" ">
    <subfield code="a">&#xE40;&#xE17;&#xE2D;&#xE14;&#xE17;&#xE39;&#xE19; &#xE44;&#xE17;&#xE28;&#xE23;&#xE35;&#xE27;&#xE34;&#xE0A;&#xE31;&#xE22;. </subfield>
    <subfield code="9">66567</subfield>
  </datafield>
  <datafield tag="245" ind1="1" ind2="0">
    <subfield code="a">&#xE2B;&#xE31;&#xE27;&#xE43;&#xE08;&#xE41;&#xE2B;&#xE48;&#xE07;&#xE01;&#xE32;&#xE23;&#xE42;&#xE04;&#xE49;&#xE0A; =</subfield>
    <subfield code="b">The WHY of coaching /</subfield>
    <subfield code="c">&#xE17;&#xE2D;&#xE14;&#xE17;&#xE39;&#xE19; &#xE44;&#xE17;&#xE28;&#xE23;&#xE35;&#xE27;&#xE34;&#xE0A;&#xE31;&#xE22;, &#xE27;&#xE23;&#xE20;&#xE31;&#xE17;&#xE23;&#xE4C; &#xE20;&#xE39;&#xE48;&#xE40;&#xE08;&#xE23;&#xE34;&#xE0D;.</subfield>
  </datafield>
  <datafield tag="250" ind1=" " ind2=" ">
    <subfield code="a">&#xE1E;&#xE34;&#xE21;&#xE1E;&#xE4C;&#xE04;&#xE23;&#xE31;&#xE49;&#xE07;&#xE41;&#xE23;&#xE01;</subfield>
  </datafield>
  <datafield tag="260" ind1=" " ind2=" ">
    <subfield code="a">&#xE01;&#xE23;&#xE38;&#xE07;&#xE40;&#xE17;&#xE1E;&#xE2F; : </subfield>
    <subfield code="b">&#xE42;&#xE04;&#xE49;&#xE0A;&#xE44;&#xE17;&#xE22; &#xE04;&#xE2D;&#xE23;&#xE4C;&#xE1B;&#xE40;&#xE23;&#xE0A;&#xE31;&#xE48;&#xE19;&#xE2D;&#xE40;&#xE23;&#xE0A;&#xE31;&#xE48;&#xE19;, </subfield>
    <subfield code="c">2562.</subfield>
  </datafield>
  <datafield tag="300" ind1=" " ind2=" ">
    <subfield code="a">402 &#xE2B;&#xE19;&#xE49;&#xE32; : </subfield>
    <subfield code="c">21 &#xE0B;&#xE21;.</subfield>
  </datafield>
  <datafield tag="505" ind1="2" ind2=" ">
    <subfield code="a">1. "&#xE40;&#xE1B;&#xE47;&#xE19;-&#xE2D;&#xE22;&#xE39;&#xE48;-&#xE04;&#xE37;&#xE2D;" &#xE41;&#xE2B;&#xE48;&#xE07;&#xE01;&#xE32;&#xE23;&#xE42;&#xE04;&#xE49;&#xE0A; (What Coaching Really is) -- 
2. &#xE42;&#xE21;&#xE40;&#xE14;&#xE25;&#xE01;&#xE32;&#xE23;&#xE42;&#xE04;&#xE49;&#xE0A;&#xE41;&#xE1A;&#xE1A; "TAPS" (The TAPS Model of Coaching) -- 
3. &#xE19;&#xE31;&#xE01;&#xE08;&#xE31;&#xE14;&#xE2A;&#xE27;&#xE19;&#xE1C;&#xE39;&#xE49;&#xE44;&#xE21;&#xE48;&#xE21;&#xE35;&#xE04;&#xE27;&#xE32;&#xE21;&#xE2A;&#xE38;&#xE02; (The Unhappy Gardener) -- 
4. &#xE40;&#xE21;&#xE37;&#xE48;&#xE2D;&#xE44;&#xE2B;&#xE23;&#xE48;...&#xE17;&#xE35;&#xE48;&#xE44;&#xE21;&#xE48;&#xE04;&#xE27;&#xE23;&#xE42;&#xE04;&#xE49;&#xE0A; (When and When not to Coach) -- 
5. &#xE43;&#xE04;&#xE23;&#xE42;&#xE04;&#xE49;&#xE0A;&#xE43;&#xE04;&#xE23;...&#xE01;&#xE31;&#xE19;&#xE44;&#xE14;&#xE49;&#xE1A;&#xE49;&#xE32;&#xE07; (Coachability) -- 
6. &#xE21;&#xE32;&#xE22;&#xE32;&#xE04;&#xE15;&#xE34;&#xE01;&#xE32;&#xE23;&#xE42;&#xE04;&#xE49;&#xE0A; (The Myths about Coaching) -- 
7. &#xE40;&#xE14;&#xE47;&#xE01;&#xE0A;&#xE32;&#xE22;&#xE01;&#xE31;&#xE1A;&#xE1C;&#xE35;&#xE40;&#xE2A;&#xE37;&#xE49;&#xE2D; (The Boy and the Butterfly) -- 
8. &#xE01;&#xE32;&#xE23;&#xE22;&#xE2D;&#xE21;&#xE23;&#xE31;&#xE1A;&#xE42;&#xE14;&#xE22;&#xE1B;&#xE23;&#xE32;&#xE28;&#xE08;&#xE32;&#xE01;&#xE40;&#xE07;&#xE37;&#xE48;&#xE2D;&#xE19;&#xE44;&#xE02; (Unconditional Positive Regard) -- 
9. &#xE42;&#xE14;&#xE14;&#xE40;&#xE14;&#xE35;&#xE48;&#xE22;&#xE27;&#xE40;&#xE14;&#xE35;&#xE22;&#xE27;&#xE14;&#xE32;&#xE22;...&#xE43;&#xE19;&#xE1B;&#xE48;&#xE32;&#xE43;&#xE2B;&#xE0D;&#xE48; (The Lonely Cassowary of the Forest) -- 
10. &#xE16;&#xE2D;&#xE22;&#xE2B;&#xE25;&#xE31;&#xE07;-&#xE40;&#xE14;&#xE34;&#xE19;&#xE2B;&#xE19;&#xE49;&#xE32;-&#xE1B;&#xE31;&#xE0D;&#xE2B;&#xE32;-&#xE17;&#xE32;&#xE07;&#xE2D;&#xE2D;&#xE01; (Problem vs Solution) --
11. &#xE0A;&#xE48;&#xE27;&#xE22;&#xE0A;&#xE35;&#xE27;&#xE34;&#xE15;&#xE1B;&#xE25;&#xE32;&#xE14;&#xE32;&#xE27;&#xE40;&#xE01;&#xE22;&#xE2B;&#xE32;&#xE14; (Saving the Starfish) --
12. &#xE01;&#xE23;&#xE2D;&#xE1A;&#xE04;&#xE27;&#xE32;&#xE21;&#xE04;&#xE34;&#xE14;&#xE41;&#xE1A;&#xE1A; "&#xE15;&#xE32;&#xE27;&#xE15;&#xE31;&#xE27;" &#xE41;&#xE25;&#xE30; "&#xE40;&#xE15;&#xE34;&#xE1A;&#xE42;&#xE15;" (Fixed Mindset vs Growth Mindset) --
13. &#xE1E;&#xE25;&#xE31;&#xE07;&#xE41;&#xE2B;&#xE48;&#xE07;&#xE01;&#xE32;&#xE23;&#xE44;&#xE21;&#xE48;&#xE23;&#xE39;&#xE49; (The Power of not Knowing) --
14. &#xE40;&#xE15;&#xE49;&#xE19;&#xE23;&#xE33;&#xE2D;&#xE22;&#xE48;&#xE32;&#xE07;&#xE1E;&#xE25;&#xE34;&#xE49;&#xE27;&#xE44;&#xE2B;&#xE27;&#xE43;&#xE19;&#xE17;&#xE38;&#xE01;&#xE02;&#xE13;&#xE30;&#xE08;&#xE34;&#xE15; (Dancing in the Moment) --
15. &#xE1F;&#xE31;&#xE07;&#xE2D;&#xE22;&#xE48;&#xE32;&#xE07;&#xE44;&#xE23;&#xE43;&#xE2B;&#xE49;&#xE40;&#xE02;&#xE49;&#xE32;&#xE16;&#xE36;&#xE07;&#xE08;&#xE34;&#xE15;&#xE27;&#xE34;&#xE0D;&#xE0D;&#xE32;&#xE13; (Active Listening for Soul Reflection) --
16. &#xE1E;&#xE25;&#xE31;&#xE07;&#xE04;&#xE33;&#xE16;&#xE32;&#xE21;&#xE2A;&#xE23;&#xE49;&#xE32;&#xE07;&#xE2A;&#xE23;&#xE23;&#xE04;&#xE4C;&#xE1B;&#xE31;&#xE0D;&#xE0D;&#xE32; (Powerful Questions to Create Insight) --
17. "&#xE04;&#xE34;&#xE14;" &#xE40;&#xE01;&#xE35;&#xE48;&#xE22;&#xE27;&#xE01;&#xE31;&#xE1A; "&#xE01;&#xE32;&#xE23;&#xE04;&#xE34;&#xE14;" (Think about Thinking) --
18. &#xE08;&#xE30;&#xE42;&#xE04;&#xE49;&#xE0A;&#xE01;&#xE31;&#xE19;&#xE44;&#xE14;&#xE49;...&#xE04;&#xE27;&#xE32;&#xE21;&#xE44;&#xE27;&#xE49;&#xE27;&#xE32;&#xE07;&#xE43;&#xE08;&#xE15;&#xE49;&#xE2D;&#xE07;&#xE21;&#xE32;&#xE01;&#xE48;&#xE2D;&#xE19; (Starting with Trust when Coaching) --
19. &#xE2D;&#xE32;&#xE19;&#xE38;&#xE20;&#xE32;&#xE1E;&#xE41;&#xE2B;&#xE48;&#xE07;&#xE23;&#xE31;&#xE01;&#xE17;&#xE35;&#xE48;&#xE44;&#xE21;&#xE48;&#xE21;&#xE35;&#xE40;&#xE07;&#xE37;&#xE48;&#xE2D;&#xE19;&#xE44;&#xE02; (The Power of Unconditional Love) --
20. &#xE42;&#xE04;&#xE49;&#xE0A;&#xE0A;&#xE35;&#xE48;&#xE23;&#xE49;&#xE2D;&#xE07;&#xE43;&#xE2B;&#xE49;...&#xE42;&#xE04;&#xE49;&#xE0A;&#xE17;&#xE33;&#xE44;&#xE07;&#xE14;&#xE35; (Regulating Negative Emotions) --
21. &#xE40;&#xE02;&#xE49;&#xE32;&#xE2D;&#xE01;&#xE40;&#xE02;&#xE49;&#xE32;&#xE43;&#xE08;-&#xE40;&#xE2B;&#xE47;&#xE19;&#xE2D;&#xE01;&#xE40;&#xE2B;&#xE47;&#xE19;&#xE43;&#xE08; (Empathy us Sympathy) --
22. &#xE21;&#xE32;&#xE40;&#xE1B;&#xE47;&#xE19;&#xE40;&#xE1E;&#xE37;&#xE48;&#xE2D;&#xE19;&#xE01;&#xE31;&#xE19; "&#xE04;&#xE27;&#xE32;&#xE21;&#xE01;&#xE25;&#xE31;&#xE27;" &#xE01;&#xE31;&#xE19;&#xE40;&#xE16;&#xE2D;&#xE30; (Making Fear Your Friend) --
23. &#xE17;&#xE33; "&#xE25;&#xE1A;" &#xE2D;&#xE22;&#xE48;&#xE32;&#xE07;&#xE44;&#xE23;&#xE43;&#xE2B;&#xE49;&#xE40;&#xE1B;&#xE47;&#xE19; "&#xE1A;&#xE27;&#xE01;" (Managing Negativity Bias to Positivity Bias) --
24. &#xE15;&#xE31;&#xE27;&#xE01;&#xE39;-&#xE02;&#xE2D;&#xE07;&#xE01;&#xE39;...&#xE19;&#xE33;&#xE2A;&#xE39;&#xE48;&#xE20;&#xE22;&#xE31;&#xE19;&#xE15;&#xE23;&#xE32;&#xE22;&#xE41;&#xE2B;&#xE48;&#xE07;&#xE01;&#xE32;&#xE23;&#xE42;&#xE04;&#xE49;&#xE0A; (Ego...Bringing Jeopardy in Coaching) --
25. &#xE21;&#xE19;&#xE15;&#xE23;&#xE32;&#xE41;&#xE2B;&#xE48;&#xE07;&#xE1B;&#xE31;&#xE0D;&#xE0D;&#xE32;&#xE0D;&#xE32;&#xE13; (The Mantra of Intuition) --
26. &#xE04;&#xE27;&#xE32;&#xE21;&#xE15;&#xE23;&#xE30;&#xE2B;&#xE19;&#xE31;&#xE01;&#xE23;&#xE39;&#xE49;&#xE04;&#xE37;&#xE2D;&#xE17;&#xE38;&#xE01;&#xE2A;&#xE34;&#xE48;&#xE07; (Awareness in Everything) --
27. &#xE20;&#xE32;&#xE1E;&#xE41;&#xE2B;&#xE48;&#xE07;&#xE15;&#xE19;&#xE41;&#xE25;&#xE30;&#xE01;&#xE23;&#xE30;&#xE08;&#xE01;&#xE20;&#xE32;&#xE22;&#xE43;&#xE19; (Self-Image and the Inner Mirror) --
28. &#xE42;&#xE04;&#xE49;&#xE0A;&#xE25;&#xE48;&#xE2D;&#xE07;&#xE2B;&#xE19; (The Invisible Coach) --
29. &#xE42;&#xE04;&#xE49;&#xE0A;&#xE01;&#xE31;&#xE19;&#xE04;&#xE37;&#xE19;&#xE19;&#xE35;&#xE49;...&#xE17;&#xE35;&#xE48;&#xE1E;&#xE23;&#xE30;&#xE42;&#xE02;&#xE19;&#xE07; (The Haunted Coaching) --
30. &#xE1C;&#xE08;&#xE0D;&#xE20;&#xE31;&#xE22;&#xE01;&#xE32;&#xE23;&#xE42;&#xE04;&#xE49;&#xE0A;&#xE43;&#xE19;&#xE14;&#xE34;&#xE19;&#xE41;&#xE14;&#xE19;&#xE21;&#xE2B;&#xE31;&#xE28;&#xE08;&#xE23;&#xE23;&#xE22;&#xE4C;&#xE41;&#xE2B;&#xE48;&#xE07;&#xE40;&#xE21;&#xE37;&#xE2D;&#xE07;&#xE2D;&#xE2D;&#xE0B; (The Coaching Adventure in the Wonderful Land of Oz).</subfield>
  </datafield>
  <datafield tag="650" ind1=" " ind2="4">
    <subfield code="a">&#xE01;&#xE32;&#xE23;&#xE2A;&#xE2D;&#xE19;&#xE41;&#xE19;&#xE30;&#xE2A;&#xE48;&#xE27;&#xE19;&#xE1A;&#xE38;&#xE04;&#xE04;&#xE25;</subfield>
    <subfield code="9">66571</subfield>
  </datafield>
  <datafield tag="650" ind1=" " ind2="4">
    <subfield code="a">&#xE01;&#xE32;&#xE23;&#xE1E;&#xE31;&#xE12;&#xE19;&#xE32;&#xE15;&#xE19;&#xE40;&#xE2D;&#xE07;</subfield>
    <subfield code="9">7747</subfield>
  </datafield>
  <datafield tag="650" ind1=" " ind2="4">
    <subfield code="a">&#xE01;&#xE32;&#xE23;&#xE08;&#xE39;&#xE07;&#xE43;&#xE08; (&#xE08;&#xE34;&#xE15;&#xE27;&#xE34;&#xE17;&#xE22;&#xE32;)</subfield>
    <subfield code="9">10706</subfield>
  </datafield>
  <datafield tag="650" ind1=" " ind2="4">
    <subfield code="a">&#xE01;&#xE32;&#xE23;&#xE40;&#xE23;&#xE35;&#xE22;&#xE19;&#xE23;&#xE39;&#xE49;&#xE2D;&#xE07;&#xE04;&#xE4C;&#xE01;&#xE32;&#xE23;</subfield>
    <subfield code="9">3934</subfield>
  </datafield>
  <datafield tag="700" ind1="0" ind2=" ">
    <subfield code="a">&#xE27;&#xE23;&#xE20;&#xE31;&#xE17;&#xE23;&#xE4C; &#xE20;&#xE39;&#xE48;&#xE40;&#xE08;&#xE23;&#xE34;&#xE0D;</subfield>
    <subfield code="9">10371</subfield>
  </datafield>
  <datafield tag="942" ind1=" " ind2=" ">
    <subfield code="2">lcc</subfield>
    <subfield code="c">GB</subfield>
  </datafield>
  <datafield tag="996" ind1=" " ind2=" ">
    <subfield code="a">jidapa.t</subfield>
    <subfield code="b">ACQSTF</subfield>
    <subfield code="c">2025-09-11</subfield>
  </datafield>
  <datafield tag="996" ind1=" " ind2=" ">
    <subfield code="a">varee.k</subfield>
    <subfield code="b">LIBSTF</subfield>
    <subfield code="c">2025-09-15</subfield>
  </datafield>
  <datafield tag="996" ind1=" " ind2=" ">
    <subfield code="a">saiphon.d</subfield>
    <subfield code="b">CATSTF	</subfield>
    <subfield code="c">2025-09-17</subfield>
  </datafield>
  <datafield tag="999" ind1=" " ind2=" ">
    <subfield code="c">107199</subfield>
    <subfield code="d">107199</subfield>
  </datafield>
  <datafield tag="998" ind1=" " ind2=" ">
    <subfield code="j">111</subfield>
    <subfield code="k"> &#xE19;&#xE32;&#xE07;&#xE2A;&#xE32;&#xE27;&#xE1E;&#xE08;&#xE1E;&#xE34;&#xE13;  &#xE1E;&#xE23;&#xE21;&#xE40;&#xE2D;&#xE35;&#xE48;&#xE22;&#xE21;</subfield>
  </datafield>
  <datafield tag="952" ind1=" " ind2=" ">
    <subfield code="0">0</subfield>
    <subfield code="1">0</subfield>
    <subfield code="2">lcc</subfield>
    <subfield code="4">0</subfield>
    <subfield code="7">0</subfield>
    <subfield code="8">CGBL</subfield>
    <subfield code="a">NALT</subfield>
    <subfield code="b">NALT</subfield>
    <subfield code="c">GEN</subfield>
    <subfield code="d">2025-09-11</subfield>
    <subfield code="l">1</subfield>
    <subfield code="m">1</subfield>
    <subfield code="o">BF 637.P36 &#xE17;665&#xE2B; 2562</subfield>
    <subfield code="p">3961215595</subfield>
    <subfield code="r">2025-10-21 00:00:00</subfield>
    <subfield code="s">2025-10-06</subfield>
    <subfield code="w">2025-09-11</subfield>
    <subfield code="y">GB</subfield>
  </datafield>
</record>
